Statystyki dla Państwa komunistyczne obecnie

Kliknij tutaj aby rozwiązać quiz!

Ogólne statystyki

  • Ten quiz został rozwiązany 299 razy
    (130 od ostatniego zresetowania)
  • Średni wynik to 4 z 5

Statystyki odpowiedzi

Państwo% Poprawnych
Korea Północna
93%
Chiny
90%
Kuba
82%
Wietnam
74%
Laos
53%

Rozkład punktacji

Percentyl według liczby udzielonych odpowiedzi

Procent ludzi z każdym wynikiem

Twoja historia wyników

Nie rozwiązałeś tego quizu od ostatniego zresetowania